[Event "Kolomna-ch 67th"]
[Site "Kolomna"]
[Date "2017.01.03"]
[Round "3"]
[White "Egorov, Valery"]
[Black "Beskov, Vladimir Alekseevic"]
[Result "0-1"]
[WhiteElo "1672"]
[BlackElo "1903"]
[PlyCount "42"]
[EventDate "2016.12.24"]
[EventType "swiss"]
[EventRounds "10"]
[EventCountry "RUS"]
[SourceTitle "EXT 2019"]
[Source "ChessBase"]
[SourceDate "2018.10.10"]
[SourceVersion "1"]
[SourceVersionDate "2018.10.10"]
[SourceQuality "1"]

1. e4 c6 2. d4 d5 3. e5 Bf5 4. Nf3 e6 5. Be2 c5 6. c3 Nc6 7. 0-0 Qb6 8. b3 Rc8 9. a4 cxd4 10. cxd4 Bb4 11. Be3 Nge7 12. Bd3 Bg4 13. Be2 0-0 14. Qd3 Nf5 15. Rd1 Ba5 16. Nbd2 Nb4 17. Qb5 Nc2 18. Qxb6 axb6 19. Rac1 Ncxe3 20. fxe3 Nxe3 21. Rf1 Nxf1 0-1

[Event "Kolomna-ch sf-A 58th"]
[Site "Kolomna"]
[Date "2007.11.19"]
[Round "11"]
[White "Beskov, Vladimir Alekseevic"]
[Black "Gurov, Rodion"]
[Result "1-0"]
[WhiteElo "2189"]
[BlackElo "1987"]
[PlyCount "85"]
[EventDate "2007.10.11"]
[EventType "tourn"]
[EventRounds "11"]
[EventCountry "RUS"]
[SourceTitle "EXT 2022"]
[Source "ChessBase"]
[SourceDate "2021.10.06"]
[SourceVersion "1"]
[SourceVersionDate "2021.10.06"]
[SourceQuality "1"]

1. d4 g6 2. c4 Bg7 3. e4 d6 4. Nc3 Nc6 5. Nge2 e5 6. Be3 a6 7. g3 exd4 8. Nxd4 Nge7 9. Bg2 0-0 10. h4 Ne5 11. Qe2 Ng4 12. h5 Nxe3 13. Qxe3 Nc6 14. Nxc6 bxc6 15. Kf1 Rb8 16. b3 c5 17. Rd1 f5 18. hxg6 hxg6 19. exf5 Rxf5 20. Be4 Bb7 21. Bxf5 Bxh1 22. Qe6+ Kf8 23. Bxg6 Qf6 24. Qxf6+ Bxf6 25. Ke2 Bxc3 26. Rxh1 Kg7 27. Be4 Rh8 28. Rxh8 Kxh8 29. Bb7 a5 30. f3 Kg7 31. Kd3 Be1 32. g4 Kf6 33. Ke4 Bd2 34. f4 Bc1 35. g5+ Ke7 36. Bc6 Bd2 37. Kf5 Bc1 38. Kg4 Bd2 39. f5 Kf7 40. f6 Bc3 41. Kf5 Be5 42. g6+ Kf8 43. g7+ 1-0